Η 10ετία των οικονομικών ανισορροπιών (1980-1990)

Αποθηκεύτηκε σε:
Λεπτομέρειες βιβλιογραφικής εγγραφής
Κύριος συγγραφέας: Αγαπητός, Γεώργιος Ι.
Άλλοι συγγραφείς: Βλάχος, Γεώργιος Κ., 1912-1996
Μορφή: Βιβλίο
Γλώσσα:Greek
Δημοσίευση: Αθήνα : Κ.Σμπίλιας, 1991
Θέματα:
Ετικέτες: Προσθήκη ετικέτας
Δεν υπάρχουν, Καταχωρήστε ετικέτα πρώτοι!

MARC

LEADER 00000cam a2200000 i 4500
001 1/62532
008 960604s1991 gr | ||| |||| ||gre||
035 |l 10029094 
040 |a GR-MY-UA  |b gre  |e aacr 
041 0 |a gre 
082 0 |a 336.209495 
100 1 |a Αγαπητός, Γεώργιος Ι. 
245 1 2 |a Η 10ετία των οικονομικών ανισορροπιών (1980-1990) /  |c Γεώργιος Ι.Αγαπητός ; Πρόλογος από τον πρόεδρο της Ακαδημίας Αθηνών καθηγητή κ.Γ.Βλάχο 
260 |a Αθήνα :   |b Κ.Σμπίλιας,   |c 1991 
300 |a 254 σ. 
650 0 0 |a Taxation  |z Greece. 
650 0 0 |a Taxation  |z Greece  |y 20th century. 
650 0 0 |a Finance, Public  |z Greece. 
700 1 |a Βλάχος, Γεώργιος Κ.,   |d 1912-1996. 
852 |a INST  |b CHIOS  |e 19960604  |h 336.209495 ΑΓΑ  |p 005200003028  |q 005200003028  |t BK  |y 0 
909 |a Χ  |b 024289